[Event "Tournoi Skype 012A"]
[Site "Skype"]
[Date "????.??.??"]
[Round "5.5"]
[White "Rajpurohit, Dinesh"]
[Black "Lambert, Pierre"]
[Result "0-1"]
[WhiteElo "1626"]
[BlackElo "1938"]
[PlyCount "90"]

1. c4 Nf6 2. Nc3 e6 3. g3 d5 4. cxd5 exd5 5. Bg2 c6 6. Nf3 Bd6 7. O-O O-O 8. d4
h6 9. Qc2 Re8 10. Nd2 Bb4 11. e4 dxe4 12. Ndxe4 Bf5 13. Re1 Nbd7 14. Nxf6+ Qxf6
15. Be4 Qxd4 16. Be3 Bxe4 17. Bxd4 Bxc2 18. Rxe8+ Rxe8 19. Bxa7 b6 20. Rc1 Bxc3
21. Rxc2 Bd4 22. Rxc6 Re1+ 23. Kg2 Re2 24. Rc7 Rxf2+ 25. Kh3 Bc5 26. Rxd7 Rxb2
27. Rb7 Rxa2 28. Bxb6 Rb2 29. Rc7 Bxb6 30. Rb7 Bd4 31. Rxb2 Bxb2 32. Kg2 f5 33.
Kf3 Kf7 34. Kg2 Kf6 35. Kf3 g5 36. Kg2 Ke5 37. h3 Ke4 38. Kf2 Bd4+ 39. Kg2 Ke3
40. g4 f4 41. h4 Be5 42. hxg5 hxg5 43. Kf1 Kf3 44. Kg1 Ke2 45. Kg2 f3+ 0-1

[Event "Tournoi Skype 012A"]
[Site "Skype"]
[Date "????.??.??"]
[Round "5.7"]
[White "Salazar Ticeran, Antonio"]
[Black "Ergin, Ahmet"]
[Result "1-0"]
[WhiteElo "1841"]
[BlackElo "1499"]
[PlyCount "61"]

1. e4 e5 2. Nf3 Nc6 3. Bc4 Nf6 4. d3 Bc5 5. Bg5 d6 6. h3 h6 7. Bh4 Na5 8. Bb3
Nxb3 9. axb3 Be6 10. Qd2 O-O 11. b4 Bb6 12. Nc3 c6 13. g4 a5 14. b5 a4 15. g5
hxg5 16. Bxg5 Ba5 17. bxc6 bxc6 18. Bh6 Bxc3 19. bxc3 Re8 20. Rg1 g6 21. Bg5
Bxh3 22. Rg3 Be6 23. Ke2 a3 24. Nh2 a2 25. Rf3 Nxe4 26. dxe4 Qb8 27. Bf6 Bc4+
28. Kd1 Qb1+ 29. Qc1 Qxc1+ 30. Kxc1 Ra4 31. Rh3 1-0

[Event "Tournoi Skype 012A"]
[Site "Skype"]
[Date "????.??.??"]
[Round "5.8"]
[White "Kumar Pradhan, Soundarya"]
[Black "Rico Hernandez, Edgar"]
[Result "0-1"]
[WhiteElo "1682"]
[BlackElo "1904"]
[PlyCount "90"]

1. d4 e6 2. Nf3 Nf6 3. Bf4 b6 4. e3 Bb7 5. Bd3 g6 6. c4 d6 7. Nbd2 Bg7 8. Rc1
Nbd7 9. O-O O-O 10. b4 Qe7 11. Qc2 c5 12. bxc5 dxc5 13. Ne4 Nxe4 14. Bxe4 Bxe4
15. Qxe4 Nf6 16. Qc6 Rfc8 17. Qd6 Qb7 18. Ne5 Bf8 19. Nxf7 Bxd6 20. Nxd6 Qc6
21. Nxc8 Rxc8 22. Be5 Rf8 23. Rfd1 Ng4 24. Bf4 Rd8 25. Bg5 Rf8 26. f3 Nf6 27.
d5 exd5 28. Bxf6 Rxf6 29. cxd5 Qd6 30. e4 g5 31. Re1 Qe5 32. Rcd1 Rh6 33. h3 c4
34. Rc1 b5 35. Re2 Rb6 36. a3 a5 37. Rd2 c3 38. Ra2 b4 39. axb4 axb4 40. Ra8+
Kg7 41. Ra7+ Kg6 42. Ra4 b3 43. Rc4 c2 44. Re1 b2 45. d6 b1=Q 0-1

[Event "Tournoi Skype 012A"]
[Site "Skype"]
[Date "????.??.??"]
[Round "5.9"]
[White "Chaignet, Lucas"]
[Black "Brun, Jacques"]
[Result "0-1"]
[WhiteElo "1711"]
[BlackElo "1783"]
[PlyCount "90"]

1. e4 c5 2. Nf3 Nc6 3. d4 cxd4 4. Nxd4 g6 5. Be3 Bg7 6. Qd2 Nf6 7. f3 O-O 8.
Nc3 Qa5 9. Nb3 Qd8 10. O-O-O d6 11. g4 Be6 12. h4 h5 13. gxh5 Nxh5 14. Rg1 Ne5
15. Nd4 Bc4 16. Bh6 Bxf1 17. Bxg7 Kxg7 18. Rdxf1 Rh8 19. f4 Nc6 20. Nxc6 bxc6
21. f5 Nf6 22. fxg6 fxg6 23. Qg5 Qe8 24. Rf4 Rh5 25. Qg3 Rh6 26. Qf3 Nh5 27.
Rfg4 Qf7 28. Qxf7+ Kxf7 29. Kd2 Rb8 30. b3 Rg8 31. Ke3 e5 32. Rg5 Nf4 33. Rh1
Kf6 34. Rg4 Rgh8 35. Ne2 Nxe2 36. Kxe2 Rf8 37. Rf1+ Ke7 38. Rxf8 Kxf8 39. c4
Kf7 40. Kd3 Rh8 41. c5 Rd8 42. Kc4 d5+ 43. Kd3 d4 44. Rg5 Kf6 45. h5 Kxg5 0-1

[Event "Tournoi Skype 012A"]
[Site "Skype"]
[Date "????.??.??"]
[Round "5.10"]
[White "Patra Kumar, Subhendu"]
[Black "Deville, Olivier"]
[Result "0-1"]
[WhiteElo "1579"]
[BlackElo "1958"]
[PlyCount "54"]

1. e4 c5 2. Nf3 d6 3. d4 cxd4 4. Nxd4 Nf6 5. Nc3 a6 6. g3 e6 7. Bg2 Be7 8. O-O
O-O 9. Be3 Qc7 10. Qd2 Ng4 11. Bg5 f6 12. h3 Ne5 13. Be3 Nc4 14. Qc1 Nxe3 15.
Qxe3 Bd7 16. Rac1 Nc6 17. Nce2 e5 18. Nxc6 bxc6 19. c4 Qa5 20. a3 f5 21. f4
exf4 22. Nxf4 Rae8 23. exf5 Qxf5 24. Nd5 Qg5 25. Rxf8+ Kxf8 26. Rf1+ Kg8 27.
Rf8+ Kxf8 0-1

[Event "Tournoi Skype 012A"]
[Site "Skype"]
[Date "????.??.??"]
[Round "5.11"]
[White "Engstrom, Olle"]
[Black "Meyer, Eric"]
[Result "1/2-1/2"]
[WhiteElo "1600"]
[BlackElo "1741"]
[PlyCount "73"]

1. Nf3 d5 2. g3 Nf6 3. Bg2 g6 4. O-O Bg7 5. d3 O-O 6. Nbd2 c6 7. Re1 Na6 8. e4
dxe4 9. dxe4 Be6 10. e5 Nd7 11. Nf1 Nc7 12. b3 Nb6 13. Bb2 Qc8 14. Ne3 Rd8 15.
Qe2 Ncd5 16. c4 Nxe3 17. Qxe3 Nd7 18. Nd4 Nf8 19. Nxe6 Nxe6 20. f4 Bh6 21. Bh3
Qc7 22. Rad1 a6 23. Bxe6 fxe6 24. Ba3 Kf7 25. Qf3 Bg7 26. Rxd8 Rxd8 27. Rd1 Rd7
28. Rxd7 Qxd7 29. Bb2 Qd2 30. Qf2 Qd3 31. Ba3 Qb1+ 32. Kg2 Qe4+ 33. Kg1 Qb1+
34. Kg2 Qe4+ 35. Qf3 Qc2+ 36. Qf2 Qe4+ 37. Kg1 1/2-1/2

[Event "Tournoi Skype 012A"]
[Site "Skype"]
[Date "????.??.??"]
[Round "5.12"]
[White "Kumar Pradhan, Prachurya"]
[Black "Murgia, Stefano"]
[Result "1/2-1/2"]
[WhiteElo "1589"]
[BlackElo "1714"]
[PlyCount "75"]

1. e4 e5 2. Nf3 Nc6 3. Bc4 Nf6 4. Ng5 d5 5. exd5 b5 6. Bb3 Nd4 7. c3 Nxb3 8.
Qxb3 Qxd5 9. Qxd5 Nxd5 10. d3 f5 11. O-O Bd6 12. Be3 Nxe3 13. fxe3 O-O 14. Nd2
Bc5 15. d4 Bd6 16. Rf2 c5 17. dxe5 Bxe5 18. Raf1 h6 19. Nh3 g5 20. g4 f4 21.
exf4 Bxg4 22. Nxg5 Bg7 23. Nge4 b4 24. Kh1 bxc3 25. bxc3 Bh3 26. Rg1 Kh8 27.
Rg3 Be6 28. Nxc5 Bxa2 29. c4 Bd4 30. Rf1 Bxc5 31. Ra1 Bxc4 32. Nxc4 Rxf4 33.
Ne5 Kh7 34. Nd3 Rc4 35. Nxc5 Rxc5 36. Ra6 Rc7 37. Rh3 Rc1+ 38. Kg2 1/2-1/2

[Event "Tournoi Skype 012A"]
[Site "Skype"]
[Date "????.??.??"]
[Round "5.13"]
[White "Parmar, Manoj"]
[Black "Fouquereau, Andre"]
[Result "1-0"]
[WhiteElo "1689"]
[BlackElo "1557"]
[PlyCount "49"]

1. d4 d5 2. Bf4 Nf6 3. Nf3 Nbd7 4. e3 Nh5 5. Bg5 h6 6. Bh4 Ndf6 7. Be2 g5 8.
Bg3 Nxg3 9. hxg3 Bg7 10. Nc3 c6 11. Ne5 Be6 12. f4 Ne4 13. Nxe4 dxe4 14. Bg4
Qa5+ 15. c3 Bxe5 16. fxe5 O-O-O 17. Bxe6+ fxe6 18. Qb3 Qd5 19. Qa3 a6 20. Qxe7
Rd7 21. Qf6 Rdh7 22. Rf1 Kc7 23. Qg6 Kb6 24. Rf6 Qb3 25. axb3 1-0

[Event "Tournoi Skype 012A"]
[Site "Skype"]
[Date "????.??.??"]
[Round "5.14"]
[White "Casey, Eamonn"]
[Black "Holtz, Steve"]
[Result "1-0"]
[WhiteElo "1654"]
[BlackElo "1494"]
[PlyCount "43"]

1. d4 d5 2. c4 e6 3. Nc3 Nf6 4. Bg5 c5 5. Nf3 Be7 6. e3 a6 7. cxd5 exd5 8. dxc5
Qa5 9. Qa4+ Nc6 10. Qxa5 Nxa5 11. b4 Nc6 12. a3 h6 13. Bh4 Bd7 14. Rd1 g5 15.
Bg3 Be6 16. Be2 a5 17. b5 Na7 18. Na4 Bd8 19. b6 Nc6 20. Bb5 O-O 21. Bxc6 bxc6
22. b7 1-0

[Event "Tournoi Skype 012A"]
[Site "Skype"]
[Date "????.??.??"]
[Round "5.15"]
[White "Galani, Mahendra"]
[Black "Legueltel, Daniel"]
[Result "0-1"]
[WhiteElo "1492"]
[BlackElo "1653"]
[PlyCount "50"]

1. e4 e5 2. Nf3 Nf6 3. d3 Nc6 4. c3 d6 5. Be3 Be7 6. h3 O-O 7. Nh2 d5 8. exd5
Nxd5 9. Bc1 Bc5 10. Qf3 f5 11. Be3 Nxe3 12. fxe3 Be6 13. Nd2 Bd5 14. Qg3 f4 15.
exf4 exf4 16. Qg4 Qe7+ 17. Be2 Ne5 18. Qh5 Bxg2 19. d4 Nd3+ 20. Kd1 Nf2+ 21.
Kc1 Bxh1 22. Bc4+ Kh8 23. dxc5 Qe1+ 24. Kc2 Qxa1 25. Ndf3 Qd1# 0-1

[Event "Tournoi Skype 012A"]
[Site "Skype"]
[Date "????.??.??"]
[Round "5.16"]
[White "Janssen, Gerard"]
[Black "De Coninck, Philippe"]
[Result "1-0"]
[WhiteElo "1652"]
[BlackElo "1420"]
[PlyCount "71"]

1. d4 d5 2. c4 e6 3. Nc3 Nf6 4. Nf3 Nbd7 5. cxd5 exd5 6. e3 Bb4 7. Bd3 c5 8.
O-O Bxc3 9. bxc3 c4 10. Bc2 O-O 11. a4 Qa5 12. Ba3 Re8 13. Bb4 Qc7 14. a5 Ne4
15. Ba4 a6 16. Nh4 Re6 17. g3 Ndf6 18. Nf3 Bd7 19. Bc2 Rae8 20. Ne5 b6 21. axb6
Rxb6 22. f3 Nxc3 23. Bxc3 Rbe6 24. f4 Ne4 25. Bxe4 dxe4 26. Qe2 f6 27. Nxd7
Qxd7 28. Qxc4 Rc8 29. Qb3 Qf7 30. Bb4 Rb6 31. Qxf7+ Kxf7 32. Bc5 Rb3 33. Rfe1
Rc6 34. f5 h5 35. h3 Kg8 36. g4 1-0

[Event "Tournoi Skype 012A"]
[Site "Skype"]
[Date "????.??.??"]
[Round "5.17"]
[White "Belouin, Alexis"]
[Black "Bourdeau, Yvan"]
[Result "0-1"]
[WhiteElo "1402"]
[BlackElo "1647"]
[PlyCount "62"]

1. d4 Nf6 2. e3 e6 3. Nc3 Bb4 4. Qd2 Ne4 5. Qd3 d5 6. Qb5+ Nc6 7. Bd2 a6 8. Qa4
Nxd2 9. Kxd2 Bd7 10. Qb3 Rb8 11. Nf3 b5 12. Ne5 Nxe5 13. dxe5 Bxc3+ 14. Qxc3
Rc8 15. b3 c5 16. a4 O-O 17. axb5 Bxb5 18. Bxb5 axb5 19. b4 cxb4 20. Qxb4 Qg5
21. g3 Qxe5 22. Qxb5 Qc3+ 23. Ke2 Qxc2+ 24. Kf3 Qe4+ 25. Ke2 Rc2+ 26. Kd1 Qxh1+
27. Kxc2 Qxa1 28. h4 Rc8+ 29. Kd2 Qc3+ 30. Ke2 Qc4+ 31. Qxc4 dxc4 0-1

[Event "Tournoi Skype 012A"]
[Site "Skype"]
[Date "????.??.??"]
[Round "5.18"]
[White "Mulrooney, Justin"]
[Black "Briere, Jean"]
[Result "1/2-1/2"]
[WhiteElo "1550"]
[BlackElo "1519"]
[PlyCount "72"]

1. d4 d5 2. c4 Nf6 3. cxd5 Nxd5 4. e4 Nf6 5. Nc3 c5 6. d5 e6 7. Bb5+ Bd7 8. Bg5
Be7 9. d6 Bxb5 10. dxe7 Qxd1+ 11. Rxd1 Bd7 12. e5 Ng8 13. Nf3 f6 14. exf6 gxf6
15. Be3 b6 16. Ne4 Kxe7 17. O-O Bc6 18. Nfd2 Bd5 19. Nc3 Bb7 20. Rfe1 Nd7 21.
f3 Ne5 22. Nde4 Rd8 23. Rxd8 Kxd8 24. Nd6 Bc6 25. Rd1 Kc7 26. Bf4 Ne7 27. Nf7
Rg8 28. Kf2 N7g6 29. Bg3 Rf8 30. Nxe5 fxe5 31. Ke3 Rd8 32. Rxd8 Kxd8 33. Ne4
Ke7 34. a3 c4 35. h4 h5 36. Bf2 Nf4 1/2-1/2

[Event "Tournoi Skype 012A"]
[Site "Skype"]
[Date "????.??.??"]
[Round "5.19"]
[White "De Leener, Luc"]
[Black "Hague, Mark"]
[Result "1-0"]
[WhiteElo "1637"]
[BlackElo "1448"]
[PlyCount "59"]

1. e4 c6 2. d4 d5 3. Nc3 dxe4 4. Nxe4 Bf5 5. Nc5 Qc7 6. Nf3 e6 7. Nb3 Nf6 8.
Bd3 Bxd3 9. Qxd3 Bd6 10. h3 h6 11. Bd2 Nbd7 12. O-O O-O-O 13. Ba5 b6 14. Bd2 g5
15. c4 g4 16. hxg4 Nxg4 17. c5 Bh2+ 18. Kh1 b5 19. Ba5 Nxc5 20. Bxc7 Nxd3 21.
Bxd8 Kxd8 22. Nxh2 Rg8 23. Nxg4 Rxg4 24. Rab1 f5 25. Kg1 Nf4 26. g3 Rg5 27. Nc5
Ne2+ 28. Kg2 Nxd4 29. Rfd1 Rg4 30. Nxe6+ 1-0

[Event "Tournoi Skype 012A"]
[Site "Skype"]
[Date "????.??.??"]
[Round "5.20"]
[White "Meaney, Mike"]
[Black "Le Brun, Yves"]
[Result "0-1"]
[WhiteElo "1508"]
[BlackElo "1628"]
[PlyCount "54"]

1. e4 c5 2. Nf3 d6 3. Nc3 a6 4. d4 cxd4 5. Nxd4 Nf6 6. Bg5 e6 7. Bc4 Be7 8. O-O
O-O 9. Re1 Nbd7 10. Bxe6 fxe6 11. Nxe6 Qb6 12. Nxf8 Nxf8 13. Nd5 Nxd5 14. Qxd5+
Be6 15. Qd2 Bxg5 16. Qxg5 Ng6 17. Qg3 Rf8 18. Red1 Nf4 19. Qe3 Qb5 20. Rd2 Qg5
21. Qg3 Nh3+ 22. gxh3 Qxd2 23. Rf1 Bxa2 24. Qg2 Bc4 25. Rb1 Rf6 26. Kh1 Be2 27.
f3 Bxf3 0-1

[Event "Tournoi Skype 012A"]
[Site "Skype"]
[Date "????.??.??"]
[Round "5.22"]
[White "Gieschen, Mike"]
[Black "L'Herbon De Lussats, Jean"]
[Result "0-1"]
[WhiteElo "1538"]
[BlackElo "1525"]
[PlyCount "84"]

1. Nf3 d5 2. d4 Bg4 3. e3 e6 4. c4 c5 5. Nc3 Nf6 6. h3 Bxf3 7. Qxf3 Nc6 8. cxd5
exd5 9. Bb5 cxd4 10. exd4 Bb4 11. Bxc6+ bxc6 12. O-O O-O 13. Bg5 Be7 14. Rfe1
h6 15. Bd2 Nh7 16. Qg3 g5 17. h4 Rb8 18. b3 f5 19. f4 g4 20. Qe3 Re8 21. Qe6+
Kg7 22. Qxf5 Nf6 23. h5 Rg8 24. Qg6+ Kf8 25. Qxh6+ Rg7 26. Re5 Ng8 27. Rf5+ Bf6
28. Qh8 Rf7 29. Rxf6 Rxf6 30. f5 Rb7 31. Bg5 Rbf7 32. Bxf6 Rxf6 33. Qh7 Qe7 34.
Qxe7+ Nxe7 35. Rf1 Nxf5 36. Rf4 g3 37. Ne2 Kf7 38. Rg4 Ne3 39. Rxg3 Nf5 40. Rg5
Ke6 41. g4 Nh4 42. Rg6 Nxg6 0-1

[Event "Tournoi Skype 012A"]
[Site "Skype"]
[Date "????.??.??"]
[Round "5.24"]
[White "Antonic, Nenad"]
[Black "Talbot, Jacques"]
[Result "0-1"]
[WhiteElo "1489"]
[BlackElo "1454"]
[PlyCount "115"]

1. d4 d5 2. Nf3 Nf6 3. e3 e6 4. Bd3 c5 5. c3 cxd4 6. exd4 Be7 7. O-O O-O 8. Bg5
h6 9. Bxf6 Bxf6 10. Qc2 Nd7 11. Re1 Re8 12. Nbd2 e5 13. dxe5 Nxe5 14. Nxe5 Bxe5
15. Nf3 Bf6 16. Bh7+ Kh8 17. Bd3 Bd7 18. Re2 Qc7 19. Rae1 Rxe2 20. Qxe2 g6 21.
Qc2 Re8 22. Bxg6 Rxe1+ 23. Nxe1 fxg6 24. Qxg6 Bg7 25. Qf7 Qc6 26. Nf3 Qe6 27.
Qh5 Be8 28. Qh4 Qf6 29. Qh3 Kg8 30. Qc8 Qc6 31. Qg4 Bd7 32. Qf4 Qc8 33. Nh4 Qe8
34. Qd2 Qe5 35. Nf3 Qe7 36. Qxd5+ Qe6 37. Qd2 Qxa2 38. h3 Qe6 39. g4 Bc6 40.
Qd8+ Qe8 41. Qxe8+ Bxe8 42. Nd2 Bc6 43. Nc4 Kf7 44. f4 Ke6 45. Kf2 Bf8 46. Ne5
Bc5+ 47. Ke2 Bd6 48. Nxc6 bxc6 49. Ke3 a5 50. Ke4 Kf6 51. h4 a4 52. g5+ hxg5
53. hxg5+ Kg6 54. c4 Bf8 55. Ke5 Bg7+ 56. Ke6 Bxb2 57. f5+ Kxg5 58. Kd6 0-1

[Event "Tournoi Skype 012A"]
[Site "Skype"]
[Date "????.??.??"]
[Round "5.25"]
[White "Malbec, Robert"]
[Black "Duthoit, Bernard"]
[Result "1-0"]
[WhiteElo "1518"]
[BlackElo "1506"]
[PlyCount "51"]

1. e4 e6 2. d4 d5 3. Nc3 c5 4. Bb5+ Nc6 5. exd5 exd5 6. Nf3 Bd7 7. Nxd5 Bd6 8.
O-O Nge7 9. Re1 O-O 10. Nxe7+ Nxe7 11. Bc4 Bg4 12. c3 cxd4 13. cxd4 Nf5 14. Qd3
Bxf3 15. Qxf5 Bc6 16. b3 Bd7 17. Qh5 Qf6 18. Bb2 Bf5 19. Qf3 Qh6 20. g3 b6 21.
Bxf7+ Kh8 22. Qxf5 Bb4 23. Re2 Rad8 24. a3 Bd6 25. Rae1 g6 26. d5+ 1-0

[Event "Tournoi Skype 012A"]
[Site "Skype"]
[Date "????.??.??"]
[Round "5.26"]
[White "Trivedi, Viral"]
[Black "Dubois, Real"]
[Result "0-1"]
[WhiteElo "1542"]
[BlackElo "1560"]
[PlyCount "112"]

1. e4 e5 2. Nf3 d6 3. Bc4 Be7 4. Nc3 Nf6 5. Ng5 O-O 6. O-O c6 7. d4 d5 8. exd5
Nxd5 9. Nxd5 cxd5 10. Qh5 h6 11. Bd3 Bxg5 12. Bxg5 Qxg5 13. Qe2 e4 14. Bb5 a6
15. Ba4 Bd7 16. Bb3 Be6 17. f4 exf3 18. Qxf3 Nc6 19. c3 Rae8 20. Rae1 Na5 21.
Bc2 Nc4 22. Qd3 g6 23. b3 Nd6 24. Re5 f5 25. Rf3 Qe7 26. Qd2 Qg7 27. Rh3 f4 28.
Rf3 g5 29. g3 Nf7 30. Re1 Bg4 31. Rxe8 Rxe8 32. Rf2 fxg3 33. hxg3 Nd6 34. a4
Ne4 35. Qe3 Qe7 36. Bxe4 Qxe4 37. Qxe4 Rxe4 38. Kf1 Bh3+ 39. Kg1 Re1+ 40. Kh2
Bg4 41. Rf6 Re2+ 42. Kg1 Re6 43. Rxe6 Bxe6 44. Kf2 Kf7 45. Kf3 Kg6 46. g4 h5
47. gxh5+ Kxh5 48. a5 Bg4+ 49. Kf2 Bd1 50. b4 Bc2 51. Kf3 Kh4 52. Kg2 Bd3 53.
b5 axb5 54. a6 bxa6 55. c4 Bxc4 56. Kf3 a5 0-1

[Event "Tournoi Skype 012A"]
[Site "Skype"]
[Date "????.??.??"]
[Round "6.1"]
[White "Ayotte, Jocelyn"]
[Black "Torres Renjifo, Saulo De Jesus"]
[Result "0-1"]
[WhiteElo "2037"]
[BlackElo "1897"]
[PlyCount "54"]

1. d4 Nf6 2. c4 e6 3. a3 d6 4. Nf3 Nbd7 5. g3 Be7 6. Bg2 O-O 7. O-O c6 8. Nc3
e5 9. dxe5 Nxe5 10. Nxe5 dxe5 11. Qc2 Be6 12. Rd1 Qc7 13. b3 Rad8 14. Bb2 g6
15. Rxd8 Rxd8 16. Rd1 Rxd1+ 17. Nxd1 Nd7 18. e4 a5 19. Bf1 Bc5 20. Kh1 Qd6 21.
a4 Bg4 22. Be2 Bxe2 23. Qxe2 Bd4 24. Qd2 Nc5 25. Qc2 Bxb2 26. Nxb2 Qd4 27. f3
Qe3 0-1

[Event "Tournoi Skype 012A"]
[Site "Skype"]
[Date "????.??.??"]
[Round "6.2"]
[White "Rico Hernandez, Edgar"]
[Black "Hervais, Adrien"]
[Result "0-1"]
[WhiteElo "1904"]
[BlackElo "2074"]
[PlyCount "89"]

1. d4 d5 2. c4 e6 3. Nc3 Nf6 4. Bg5 Bb4 5. e3 c6 6. Qc2 Nbd7 7. Nf3 Qa5 8. Bxf6
Nxf6 9. Nd2 O-O 10. Bd3 Qc7 11. Nf3 dxc4 12. Bxc4 c5 13. dxc5 Qxc5 14. Bd3 e5
15. O-O Bxc3 16. bxc3 h6 17. Rac1 Bd7 18. c4 Bc6 19. Nd2 Rad8 20. Ne4 Nxe4 21.
Bxe4 Bxe4 22. Qxe4 Rd2 23. Qxb7 Rxa2 24. Qd5 Rc8 25. Qd7 a5 26. Rfd1 Qc6 27. c5
Qxd7 28. Rxd7 Rxc5 29. Rb1 Rcc2 30. Rf1 a4 31. h3 a3 32. Ra7 Rc3 33. g4 Rb2 34.
Ra1 Rcc2 35. R1xa3 Rxf2 36. e4 Rfe2 37. Rf3 Rb1+ 38. Rf1 Rxf1+ 39. Kxf1 Rxe4
40. Ra3 Kh7 41. Kg2 f6 42. Kf3 Rf4+ 43. Kg3 Kg6 44. Re3 Kg5 45. h4+ 0-1

[Event "Tournoi Skype 012A"]
[Site "Skype"]
[Date "????.??.??"]
[Round "6.3"]
[White "Auger, Bertrand"]
[Black "Plourde, Alain"]
[Result "1-0"]
[WhiteElo "2055"]
[BlackElo "1876"]
[PlyCount "89"]

1. Nf3 d5 2. g3 Nf6 3. Bg2 e6 4. c4 Be7 5. O-O O-O 6. d4 b6 7. Nc3 Bb7 8. Ne5
c5 9. dxc5 Bxc5 10. Nd3 Be7 11. Bf4 Na6 12. Rc1 Nc5 13. Nxc5 Bxc5 14. Na4 Rc8
15. Nxc5 Rxc5 16. b4 Rc8 17. Qa4 a5 18. bxa5 Bc6 19. Qa3 bxa5 20. Rfd1 Qb6 21.
Be3 Qa6 22. Bc5 Rfe8 23. e3 dxc4 24. Rd6 Qa8 25. Rxc6 Rxc6 26. Bxc6 Qxc6 27.
Qxa5 Ra8 28. Qb6 Qxb6 29. Bxb6 Rxa2 30. Rxc4 Ra8 31. Bd4 Nd7 32. Rc7 Nf8 33. h4
h5 34. Kg2 g6 35. g4 hxg4 36. Kg3 Ra4 37. Rc8 Ra5 38. Bc5 Rxc5 39. Rxc5 f5 40.
Rc7 Kh8 41. Kf4 Kg8 42. Kg5 Kh8 43. Kf6 f4 44. exf4 Kg8 45. Rc8 1-0

[Event "Tournoi Skype 012A"]
[Site "Skype"]
[Date "????.??.??"]
[Round "6.4"]
[White "Lambert, Pierre"]
[Black "Jacquelin, Norbert"]
[Result "0-1"]
[WhiteElo "1938"]
[BlackElo "1807"]
[PlyCount "68"]

1. e4 e5 2. Nf3 Nf6 3. Nxe5 d6 4. Nf3 Nxe4 5. d3 Nf6 6. d4 d5 7. Bd3 Bd6 8. O-O
O-O 9. h3 Ne4 10. Re1 f5 11. Nc3 c6 12. Ne2 Qc7 13. Be3 Nd7 14. Qc1 Nb6 15. Bf4
Bxf4 16. Qxf4 Qxf4 17. Nxf4 Bd7 18. Ne5 g5 19. Ne2 Be8 20. f3 Nd6 21. b3 Nd7
22. Nxd7 Bxd7 23. c4 f4 24. Nc3 dxc4 25. Bxc4+ Nxc4 26. bxc4 Bf5 27. Re5 h6 28.
Rae1 Bd3 29. c5 Rad8 30. d5 cxd5 31. Rxd5 Rxd5 32. Nxd5 Rf7 33. Ne7+ Kf8 34.
Ng6+ Bxg6 0-1

[Event "Tournoi Skype 012A"]
[Site "Skype"]
[Date "????.??.??"]
[Round "6.5"]
[White "Brun, Jacques"]
[Black "Salazar Ticeran, Antonio"]
[Result "1/2-1/2"]
[WhiteElo "1783"]
[BlackElo "1841"]
[PlyCount "77"]

1. e4 c5 2. Nf3 d6 3. d4 cxd4 4. Qxd4 Nc6 5. Bb5 Bd7 6. Bxc6 Bxc6 7. Nc3 Nf6 8.
Bg5 Qa5 9. O-O Rd8 10. Rad1 e5 11. Qd3 Be7 12. Rfe1 O-O 13. h3 Qb4 14. Bc1 Rfe8
15. a3 Qa5 16. b4 Qc7 17. b5 Bd7 18. Bb2 h6 19. Nd5 Nxd5 20. exd5 Rc8 21. Rc1
Qc4 22. a4 Qxa4 23. c4 Qa5 24. Ra1 Qb6 25. Bxe5 dxe5 26. Nxe5 Rcd8 27. Qf3 Bf6
28. Nxd7 Rxe1+ 29. Rxe1 Rxd7 30. Re8+ Kh7 31. Qf5+ g6 32. Qxd7 Kg7 33. Rb8 Qd4
34. Re8 Qa1+ 35. Kh2 Be5+ 36. g3 Qf1 37. Rxe5 Qxf2+ 38. Kh1 Qf3+ 39. Kh2
1/2-1/2

[Event "Tournoi Skype 012A"]
[Site "Skype"]
[Date "????.??.??"]
[Round "6.6"]
[White "Legueltel, Daniel"]
[Black "Mahapatra, Durgaprasad"]
[Result "0-1"]
[WhiteElo "1653"]
[BlackElo "2100"]
[PlyCount "50"]

1. d4 Nf6 2. c4 g6 3. Nc3 Bg7 4. e4 d6 5. Be2 O-O 6. Nf3 Na6 7. O-O e5 8. dxe5
dxe5 9. Bg5 Qxd1 10. Raxd1 Nc5 11. Nxe5 Nfxe4 12. Nxe4 Nxe4 13. Bf4 g5 14. Rd4
f5 15. f3 gxf4 16. Rxe4 fxe4 17. Ng4 Bxg4 18. fxg4 c5 19. b3 Rad8 20. g5 Rd2
21. Bg4 Be5 22. Be6+ Kg7 23. Bd5 Rxd5 24. cxd5 Kg6 25. Rd1 Rd8 0-1

[Event "Tournoi Skype 012A"]
[Site "Skype"]
[Date "????.??.??"]
[Round "6.7"]
[White "Deville, Olivier"]
[Black "Janssen, Gerard"]
[Result "1-0"]
[WhiteElo "1958"]
[BlackElo "1652"]
[PlyCount "89"]

1. Nf3 c5 2. c4 Nc6 3. d4 cxd4 4. Nxd4 Nf6 5. Nc3 e6 6. g3 d5 7. Bg2 Bb4 8. O-O
Nxd4 9. Qxd4 Bxc3 10. Qxc3 O-O 11. Rd1 Qb6 12. cxd5 Nxd5 13. Bxd5 exd5 14. Rxd5
Qc6 15. Qxc6 bxc6 16. Rd6 Bb7 17. Rd7 Ba6 18. Kf1 Rfe8 19. Be3 Bc8 20. Rd6 Bh3+
21. Ke1 Re6 22. Rad1 h6 23. Rd8+ Rxd8 24. Rxd8+ Kh7 25. Bxa7 Re4 26. Rd4 Re5
27. a4 Bg2 28. Bb6 Bf3 29. e3 Rd5 30. Rxd5 cxd5 31. a5 Bg4 32. Kd2 Bc8 33. Kc3
Kg6 34. Kd4 Bb7 35. Ke5 h5 36. Kd6 Kf5 37. Kc7 Ba6 38. Kc6 Ke6 39. b4 Bc8 40.
b5 Bd7+ 41. Kc5 Bc8 42. a6 g5 43. Bd8 g4 44. Kb6 Kd7 45. a7 1-0

[Event "Tournoi Skype 012A"]
[Site "Skype"]
[Date "????.??.??"]
[Round "6.8"]
[White "Hilton, Stephen"]
[Black "Rajpurohit, Dinesh"]
[Result "1-0"]
[WhiteElo "1892"]
[BlackElo "1626"]
[PlyCount "67"]

1. d4 Nf6 2. c4 d5 3. Nc3 c6 4. Nf3 Bf5 5. cxd5 Nxd5 6. Qb3 Nb6 7. e4 Bg6 8.
Be3 e6 9. a4 Qc7 10. Rc1 Be7 11. Be2 O-O 12. O-O N8d7 13. d5 exd5 14. Nxd5 Nxd5
15. exd5 Rab8 16. Bxa7 Rbc8 17. Be3 Nf6 18. dxc6 bxc6 19. Bb5 Qb7 20. Bc4 Qxb3
21. Bxb3 Rb8 22. Bc2 Rxb2 23. Bxg6 fxg6 24. Rxc6 Nd5 25. Bd4 Ra2 26. Ra6 Nf4
27. Bb6 Bf6 28. Ra7 Rc8 29. a5 Ra1 30. Rxa1 Bxa1 31. Rc7 Rd8 32. Rxg7+ Kxg7 33.
Bxd8 Nd5 34. a6 1-0

[Event "Tournoi Skype 012A"]
[Site "Skype"]
[Date "????.??.??"]
[Round "6.9"]
[White "Bourdeau, Yvan"]
[Black "Sharma, Mayank"]
[Result "1/2-1/2"]
[WhiteElo "1647"]
[BlackElo "1707"]
[PlyCount "82"]

1. e4 c5 2. Nf3 d6 3. d4 cxd4 4. Nxd4 Nf6 5. Nc3 a6 6. g3 b5 7. Qe2 Bb7 8. Bg2
e6 9. Bg5 Be7 10. O-O O-O 11. a3 h6 12. Bxf6 Bxf6 13. Rfd1 Qc7 14. Na2 Nc6 15.
c3 Ne5 16. b3 Rfd8 17. Rac1 Rac8 18. Nf3 Qb6 19. Nxe5 Bxe5 20. c4 bxc4 21. Rxc4
a5 22. Qc2 Ba6 23. Rxc8 Rxc8 24. Qb1 Rc7 25. Rc1 Rxc1+ 26. Nxc1 Bd4 27. Qc2 Kf8
28. Bf1 Bxf1 29. Kxf1 Qc5 30. Qxc5 dxc5 31. a4 Ke7 32. f3 f5 33. exf5 exf5 34.
Ke2 Ke6 35. Kd3 Bg1 36. h3 Bf2 37. g4 fxg4 38. fxg4 Kd5 39. Ne2 g5 40. Nc3+ Ke5
41. Ne2 Kd5 1/2-1/2

[Event "Tournoi Skype 012A"]
[Site "Skype"]
[Date "????.??.??"]
[Round "6.11"]
[White "Ergin, Ahmet"]
[Black "Casey, Eamonn"]
[Result "1-0"]
[WhiteElo "1499"]
[BlackElo "1654"]
[PlyCount "69"]

1. e4 e6 2. d4 d5 3. e5 Ne7 4. c3 c5 5. Nf3 Nbc6 6. Bd3 cxd4 7. cxd4 Qb6 8. Nc3
Bd7 9. Be3 Nb4 10. Bb1 Rc8 11. O-O Nf5 12. Bxf5 exf5 13. a3 Nc6 14. Nxd5 Qxb2
15. Re1 Be6 16. Nf4 Qb6 17. Rb1 Qd8 18. Nxe6 fxe6 19. Rxb7 Be7 20. a4 O-O 21.
Qb3 Qd5 22. Qxd5 exd5 23. Rc1 f4 24. Bd2 g5 25. Rxc6 Rxc6 26. Rxe7 g4 27. Ng5
Rc2 28. h3 Rxd2 29. hxg4 Rxd4 30. Ne6 Rd1+ 31. Kh2 Rc8 32. Nxf4 Rc4 33. Nh5
Rxa4 34. e6 Kf8 35. Rf7+ 1-0

[Event "Tournoi Skype 012A"]
[Site "Skype"]
[Date "????.??.??"]
[Round "6.13"]
[White "Murgia, Stefano"]
[Black "Engstrom, Olle"]
[Result "0-1"]
[WhiteElo "1714"]
[BlackElo "1600"]
[PlyCount "60"]

1. e4 c5 2. Nf3 Nc6 3. d4 cxd4 4. Nxd4 Nf6 5. Nc3 e5 6. Ndb5 d6 7. Bg5 a6 8.
Na3 b5 9. Nd5 Be7 10. Bxf6 Bxf6 11. c3 O-O 12. Nc2 Bg5 13. a4 bxa4 14. Rxa4 a5
15. Nce3 Be6 16. g3 Bxe3 17. Nxe3 g6 18. h4 Rb8 19. Qc1 Qb6 20. b4 axb4 21. Nd5
Bxd5 22. exd5 Ne7 23. Rxb4 Qc5 24. Rxb8 Rxb8 25. h5 Qxd5 26. Rh4 Nf5 27. Bc4
Qg2 28. Rg4 Qh1+ 29. Kd2 Qxh5 30. Re4 Qh6+ 0-1